| 000 | 00428nam a22001697a 4500 | ||
|---|---|---|---|
| 005 | 20180209120459.0 | ||
| 008 | 160428b xxu||||| |||| 00| 0 eng d | ||
| 020 | _a81-2030176-5 | ||
| 041 | _aeng | ||
| 082 |
_b00486 _a005.74 |
||
| 100 |
_aMartin, James _9147 |
||
| 245 | _aPrinciples of Data Base Management | ||
| 260 |
_aNew Delhi _bPHI Pvt Ltd. _c2004 |
||
| 300 | _a352 | ||
| 650 |
_aInformation Technology _9137 |
||
| 942 | _cBK | ||
| 999 |
_c144 _d144 |
||